000 00422nam a22001697a 4500
003 OSt
008 260323b |||||||| |||| 00| 0 eng d
020 _a9788125924005
082 _a338.5 DWE
100 _aDWIVEDI, D.N.
245 _aEssentials of Business Economics
250 _aReprint
260 _aNoida,
_bVikas Publishing House Pvt. Ltd.,
_c2025,
300 _a452 p.,
650 _aCommerce
942 _2ddc
_cBK
999 _c13879
_d13879